| 000 | 02511nam a2200397 c 4500 | ||
|---|---|---|---|
| 003 | BLK | ||
| 005 | 20231229135723.0 | ||
| 008 | 180408b bul|||||r ||||||| ||bul|| | ||
| 010 | _aKNG00070126000 | ||
| 020 |
_a954-91186-4-9 _bиздат.: Литера Ико |
||
| 040 | _aBLK | ||
| 041 |
_aBUL _cBUL |
||
| 080 |
_aБългарски език в основното училище. Методика на обучението _b373.3.016:811.163.2 _x(079)(075.2) _z373.3.016:811.163.2(079)(075.2) |
||
| 080 |
_aБългарска литература в основното училище. Методика на обучението _b373.3.016:821.163.2 _x(079)(075.2) _z373.3.016:821.163.2(079)(075.2) |
||
| 100 | 1 |
_aАнтонова, Жулиета _eпърви автор _9292657 |
|
| 139 |
_a[Седемдесет] 70 примерни теста по български език и литература за VІІ клас _bС 30 |
||
| 245 | 1 | 0 |
_a[Седемдесет] 70 примерни теста по български език и литература за VІІ клас _cЖулиета Антонова. |
| 257 | _aBGR | ||
| 260 |
_аСофия _bЛитера Ико _c2005 |
||
| 300 |
_a266 с. _c20 см |
||
| 380 | _a3 | ||
| 490 | 1 | _aБиблиотека Частен учител | |
| 500 | _aДруги авт. : Кр. Симеонова, Н. Илиева, Р. Събева-Шуманска ; Пълното име на първата авт. е Жулиета Антонова Александрова ; Авт. Р. Събева-Шуманска известна като Румяна Димитрова Шуманска. - Съдържа и Отговори ; Примерен вариант за самооценяване според броя на правилно дадени въпроси. - Доп. тир. 2006. | ||
| 650 | 4 |
_aБългарски език - тестове и задачи - учебници за основни училища _9256979 |
|
| 650 | 4 |
_aБългарска литература - тестове - учебни помагала _9259739 |
|
| 653 | _aбългарски език | ||
| 653 | _aбългарска литература | ||
| 653 | _aтестови задачи | ||
| 653 | _aVІІ кл. | ||
| 852 | _aЦб 232615 | ||
| 856 | 4 |
_qpdf _u |
|
| 856 | 4 |
_qpdf _u |
|
| 942 |
_cKNG _n0 _03 |
||
| 944 |
_aCR _c19.12.2006 _lИва Цветкова _k30543 |
||
| 944 |
_aED _c30.01.2015 _lф / _kЛюдмила_Стоянова |
||
| 999 |
_c65844 _d65844 |
||